| 000 | 01220nam0a2200289 4500 | ||
|---|---|---|---|
| 001 | RU\NLR\bibl\1190358 | ||
| 005 | 20250615095114.0 | ||
| 010 |
_a978-5-87847-392-7 _9300 |
||
| 021 |
_aRU _b2007-91461 _94942 |
||
| 035 | _a(NLR Aleph) 001176914 | ||
| 090 |
_a1632826 _c1632826 |
||
| 100 | _a20080219d2007 |||y0rusy50 ca | ||
| 101 | 0 | _arus | |
| 102 | _aRU | ||
| 105 | _aa ||||||||| | ||
| 200 | 1 |
_aСредства для обучения технике игры в баскетбол _eучебное пособие для учителей физкультуры и тренеров ДЮСШ _fА.И. Лебедев _gНовосиб. ин-т повышения квалификации и переподготовки работников образования |
|
| 210 |
_aНовосибирск _cНИПКиПРО _d2007 |
||
| 215 |
_a66, [2] с. _cил. _d20 |
||
| 606 | 1 |
_aБаскетбол _jУчебные издания _xОбучение _xСредняя школа _92479893 _3RU\NLR\AUTH\661472234 |
|
| 686 | _aЧ421.354я7 | ||
| 700 | 1 |
_aЛебедев _bА. И. _4070 |
|
| 801 | 0 |
_aRU _bNLR _c20080219 _gRCR |
|
| 801 | 1 |
_aRU _bNLR _c20080219 |
|
| 942 | _cBOOK | ||
| 980 | _aNB | ||